000 00799nam a22002897a 4500
001 BR7000439
003 BR-BrBNA
005 20230928083605.0
007 ta
008 230509b bl.||||| |||| 00| 0 por d
040 _aBR-BrBNA
_bpor
_cBiblioteca Nacional de Agricultura
041 _a(Por)
072 _aQ20
_b9704
_b/G514
090 _ 9704 BR7000439
100 1 _aAnon.
245 1 _aNormas higienico-sanitarias e tecnologicas para produtos de carnes de suinos e derivados [Brasil]
_bTomo 3
260 3 _a[np](Brasil):
_c[nd].
300 _a26 p.
500 _aPublished 1970?
650 _aToxicologia de alimento
650 _aCarne
650 _aSuino
650 _aHigiene de alimento
650 _aInspecao sanitaria
909 _a202309
_bLucia
_c55
_dLucia Elande
942 _cBK
999 _c14340
_d14340